| 000 | 00579nam a22001817a 4500 | ||
|---|---|---|---|
| 003 | 0 | ||
| 005 | 20240807133034.0 | ||
| 008 | 220725b xxu||||| |||| 00| 0 eng d | ||
| 020 | _a978-621-04-0100-4 | ||
| 050 |
_aHF5549.12 _b.L38 2019 |
||
| 245 |
_aHuman resource management: principles and practice _cDoris P. Lauron |
||
| 260 |
_aManila _bRex book store Inc., _cc2019 |
||
| 300 |
_axiv, 136pp. _c24cm. _eIncludes appendix, bibliography and index. _fBook |
||
| 500 | _aPersonnel management. | ||
| 500 | _aOrganizational behavior. | ||
| 500 | _aHuman capital. | ||
| 942 |
_2lcc _cBK |
||
| 999 |
_c364744 _d364744 |
||